000 00653nam a2200217 i 4500
001 115089
003 ES-MaACL
005 20251216172705.0
007 t|
008 070221s1911 sp ||||1| spa d
080 _a821.134.2-32"19"
100 1 _aOrtiz Pinedo, P.
_987638
245 1 0 _aDe la comedia del amor /
_cpor J. Ortiz Pinedo ; ilustraciones de Montero.
260 _aMadrid :
_bEl Cuento Semanal,
_c1911.
300 _a20 p. :
_bil. ;
_c26 cm.
490 1 _aEl cuento semanal ;
_v259
700 1 _aMontero,
_cilustrador
_982518
830 0 3 _aEl cuento semanal
_v259
_9185957
852 _aES-MaACL
_jG-4448(16)
999 _c115089
_d115089